Cultura Mainstream : (Registro nro. 11219)

Detalles MARC
000 -LIDER
fixed length control field 01143nam a22003497a 4500
001 - NÚMERO DE CONTROL
Identificador de número de control 000444
003 - IDENTIFICACDOR DE NÚMERO DE CONTROL
control field DO-SdBNP
005 - DATE AND TIME OF LATEST TRANSACTION
control field 20171108131735.0
007 - CAMPOS FIJOS DE DESCRIPCIÓN FÍSICA
fixed length control field 000444
008 - ELEMENTOS DE LONGITUD FIJA
fixed length control field 160830b 2011 sp ||||| |||| 00| 0 spa d
020 ## - ISBN
International Standard Book Number 9788430608034
040 ## - FUENTE DE CATALOGACIÓN
Agencia que crea de manera original el registro BPMSU
Idioma de catalogación spa
Agencia que realiza la transcripción BPMSU
041 ## - CÓDIGOS DE OBRAS TRADUCIDAS O EN VARIOS IDIOMAS
Código del idioma del texto/archivo de sonido o separata spa
Cód. del idioma original y/o traducciones intermedias del texto fre
082 #4 - NÚMERO DE CLASIFICACIÓN DECIMAL DE DEWEY
Classification number 300
Item number M376c
100 1# - ASIENTO PRINCIPAL -- NOMBRE PERSONAL
Nombre personal Martel, Frédéric,
Fechas asociadas con el nombre 1967-
240 10 - TITULO UNIFORME
Título uniforme Mainstream.
Idioma de una obra Español.
245 10 - MENCIÓN DE TITULO
Título Cultura Mainstream :
Subtítulo cómo nacen los fenómenos de masas /
Mención de responsabilidad Frédéric Martel ; traducción de Núria Petit Fontserè.
260 ## - PUBLICACIÓN, DISTRIBUCIÓN, ETC. (PIE DE IMPRENTA)
Lugar de publicación, distribución, etc Madrid :
Nombre del editor, distribuidor, etc. Taurus,
Fecha de publicación, distribución, etc 2011.
300 ## - DESCRIPCIÓN FÍSICA
Extensión 458 p. ;
Dimensiones 24 cm.
490 1# - MENCIÓN DE SERIES
Mención de serie Pensamiento
500 ## - NOTA GENERAL
Nota general Incluye datos biográficos del autor en la solapa de la cubierta
650 ## - ENCABEZAMIENTO DE MATERIA--TEMÁTICO
Término temático o nombre geográfico como elemento de entrada SOCIEDAD DE MASAS
650 #4 - ENCABEZAMIENTO DE MATERIA--TEMÁTICO
Término temático o nombre geográfico como elemento de entrada CULTURA POPULAR
Subdivisión temática general ASPECTOS SOCIALES
650 #4 - ENCABEZAMIENTO DE MATERIA--TEMÁTICO
Término temático o nombre geográfico como elemento de entrada CINE
Subdivisión temática general ASPECTOS SOCIALES
650 #4 - ENCABEZAMIENTO DE MATERIA--TEMÁTICO
Término temático o nombre geográfico como elemento de entrada CONFORMIDAD (PSICOLOGÍA)
700 12 - ASIENTO SECUNDARIO -- NOMBRE PERSONAL
Nombre personal Petit Fontserè, Núria,
Mención de responsabilidad tr.
830 #0 - ASIENTO SECUNDARIO DE SERIE--TÍTULO UNIFORME
Título uniforme Pensamiento
910 ## - VALIDACIÓN
Validación Validado. Control de calidad MFF
942 ## - ADDED ENTRY ELEMENTS (KOHA)
Source of classification or shelving scheme Dewey Decimal Classification
Koha item type Libros
945 ## - INFORMACIÓN DE PROCESAMIENTO LOCAL
Información de procesamiento local Inventariado extranjero / 2017 VM
956 ## - LOCAL ELECTRONIC LOCATION AND ACCESS (OCLC)
Método de acceso LOPEREZ
Materiales especificados 10
Enlace 20160830
Campo enlazado y núm. de secuencia BPMSU
Nombre de host 00041
Existencias
Withdrawn status Lost status Source of classification or shelving scheme Damaged status Not for loan Collection code Home library Current library Date acquired Source of acquisition Total Checkouts Full call number Barcode Date last seen Price effective from Koha item type Copy number
    Dewey Decimal Classification     Colección General Biblioteca Pública Metropolitana Salomé Ureña Biblioteca Pública Metropolitana Salomé Ureña 08/30/2016 Alfaguara   300 M376c BPMSU16080268 08/30/2016 08/30/2016 Libros  
    Dewey Decimal Classification     Colección General Biblioteca Pública Metropolitana Salomé Ureña Biblioteca Pública Metropolitana Salomé Ureña 08/30/2016 Alfaguara   300 M376c BPMSU16080269 08/30/2016 08/30/2016 Libros e. 2
    Dewey Decimal Classification     Colección General Biblioteca Pública Metropolitana Salomé Ureña Biblioteca Pública Metropolitana Salomé Ureña 08/30/2016 Alfaguara   300 M376c BPMSU16080270 08/30/2016 08/30/2016 Libros e. 3